Fundamentals and technology of combustion
Includes bibliographical references (p. 779-834) and index.
Wedi'i Gadw mewn:
| Prif Awdur: | |
|---|---|
| Awduron Eraill: | |
| Fformat: | Llyfr |
| Iaith: | Undetermined |
| Cyhoeddwyd: |
Amsterdam
Elsevier
2002
|
| Pynciau: | |
| Mynediad Ar-lein: | http://lrc.tdmu.edu.vn/opac/search/detail.asp?aID=2&ID=15534 |
| Tagiau: |
Ychwanegu Tag
Dim Tagiau, Byddwch y cyntaf i dagio'r cofnod hwn!
|
| Thư viện lưu trữ: | Trung tâm Học liệu Trường Đại học Thủ Dầu Một |
|---|
| LEADER | 00749nam a2200217Ia 4500 | ||
|---|---|---|---|
| 001 | TDMU_15534 | ||
| 008 | 210410s9999 xx 000 0 und d | ||
| 082 | |a 621.402 | ||
| 090 | |b E201M102 | ||
| 100 | |a El-Mahallawy, F | ||
| 245 | 0 | |a Fundamentals and technology of combustion | |
| 245 | 0 | |c Fawzy El-Mahallawy, Saad El-Din Habik | |
| 260 | |a Amsterdam | ||
| 260 | |b Elsevier | ||
| 260 | |c 2002 | ||
| 300 | |a 839 p. | ||
| 520 | |a Includes bibliographical references (p. 779-834) and index. | ||
| 650 | |a Kỹ thuật nhiệt; Công nghiệp |x Môi trường | ||
| 700 | |a Habik, Saad El-Din | ||
| 856 | |u http://lrc.tdmu.edu.vn/opac/search/detail.asp?aID=2&ID=15534 | ||
| 980 | |a Trung tâm Học liệu Trường Đại học Thủ Dầu Một | ||